000 00490nam a2200169Ia 4500
003 GCL
008 140319s9999 xx 000 0 ara d
040 _aGCL /
_cGCL
082 0 4 _aق
_b923.1
_bن ا
100 1 _aنبيل راغب
245 1 0 _aانور السادات: رائدا للتاصيل الفكرى /
_cنبيل راغب
300 _a280 ص
490 _aالهيئة العامة للاستعلامات
_v0
650 0 4 _aمصر
650 0 4 _aالتراجم
942 _2ddc
_cBK
999 _c50636
_d50636